ASA (Registro nro. 116815)

Detalles MARC
000 -LEADER
fixed length control field 00854nam a22002417a 4500
005 - DATE AND TIME OF LATEST TRANSACTION
control field 20220921115501.0
008 - FIXED-LENGTH DATA ELEMENTS--GENERAL INFORMATION
fixed length control field 160518b mx ||||| |||| 00| 0 spa d
020 ## - INTERNATIONAL STANDARD BOOK NUMBER
International Standard Book Number 9789681681173
020 ## - INTERNATIONAL STANDARD BOOK NUMBER
International Standard Book Number 9681681177
050 04 - LIBRARY OF CONGRESS CALL NUMBER
Classification number TL726.5.M4
Item number M49 2006
110 1# - MAIN ENTRY--CORPORATE NAME
Corporate name or jurisdiction name as entry element México
Subordinate unit Aeropuertos y Servicios Auxiliares
245 10 - TITLE STATEMENT
Title ASA
Remainder of title : Aeropuertos para la competitividad y el desarrollo
246 34 - VARYING FORM OF TITLE
Title proper/short title Aeropuertos para la competitividad y el desarrollo
250 ## - EDITION STATEMENT
Edition statement 1a ed.
260 ## - PUBLICATION, DISTRIBUTION, ETC. (IMPRINT)
Place of publication, distribution, etc México :
Name of publisher, distributor, etc Fondo de Cultura Económica
260 ## - PUBLICATION, DISTRIBUTION, ETC. (IMPRINT)
Name of publisher, distributor, etc Aeropuertos y servicios auxiliares,
Date of publication, distribution, etc 2006
300 ## - PHYSICAL DESCRIPTION
Extent 299 p. :
Other physical details il. ;
Dimensions 23 cm.
490 0# - SERIES STATEMENT
Series statement Colección Editorial del Gobierno del Cambio.
500 ## - GENERAL NOTE
General note Incluye índice
610 14 - SUBJECT ADDED ENTRY--CORPORATE NAME
Corporate name or jurisdiction name as entry element México.
Subordinate unit Aeropuertos y Servicios Auxiliares
650 #7 - SUBJECT ADDED ENTRY--TOPICAL TERM
Source of heading or term lemb
Topical term or geographic name as entry element Aeropuertos
General subdivision Administración
Geographic subdivision México
942 ## - ADDED ENTRY ELEMENTS (KOHA)
Source of classification or shelving scheme Biblioteca del Cogreso de los Estados Unidos
Koha item type Libro
Existencias
Estado de pérdida Fuente de clasificación Estado del daño No para préstamo Ubicación permanente Ubicación actual Apartado o colección Fecha de adquisición Fuente de adquisición Edición Área del conocimiento Clasificación Código de Barras Date last seen Número de copia Costo por reposición Tipo de recurso
  Biblioteca del Cogreso de los Estados Unidos     Biblioteca de la Unidad de Ciencias Ingeniería y Humanidades Biblioteca de la Unidad de Ciencias Ingeniería y Humanidades General 18/05/2016 Donación 1a ed. Ingeniería y Tecnología TL726.5.M4 M49 2006 BCU000014977 18/05/2016 1 1.00 Libro